[Event "Vaujany 2023 Principal"]
[Site "?"]
[Date "2023.07.19"]
[Round "7.5"]
[White "Degraeve, Remy"]
[Black "Szabolcsi, Janos"]
[Result "1-0"]
[WhiteElo "2467"]
[BlackElo "2191"]
[PlyCount "57"]
[SourceVersionDate "2023.07.13"]

1. e4 c5 2. Nf3 Nc6 3. Bb5 e6 4. Bxc6 bxc6 5. d3 Ne7 6. Nbd2 Ng6 7. h4 h5 8. e5 d5 9. exd6 Bxd6 10. Ne4 Be7 11. Bg5 f6 12. Be3 f5 13. Neg5 e5 14. Qe2 Qd6 15. O-O-O Rb8 16. Bd2 Ba6 17. Qe3 Bf6 18. Bc3 O-O 19. Nd2 Qe7 20. Qf3 Nxh4 21. Rxh4 Bxg5 22. Rxh5 g6 23. Rh3 Qe6 24. Rdh1 Bf6 25. Qg3 Bg7 26. Nf3 f4 27. Qh4 Rfd8 28. Nxe5 Bxe5 29. Qh8+ 1-0

[Event "Vaujany 2023 Principal"]
[Site "Vaujany"]
[Date "2023.07.19"]
[Round "7.6"]
[White "Hingouet, Matthieu"]
[Black "Anwesh, Upadhyaya"]
[Result "1/2-1/2"]
[WhiteElo "2226"]
[BlackElo "2356"]
[PlyCount "93"]
[EventDate "2023.07.13"]
[EventType "swiss"]
[EventRounds "9"]
[EventCountry "FRA"]
[SourceVersionDate "2023.07.13"]

{[%evp 0,93,19,31,25,-11,-9,4,20,20,28,16,32,6,7,4,10,10,6,6,37,7,52,30,83,2,30,17,1,9,61,30,66,68,60,80,59,53,53,75,46,-2,-4,-14,4,0,0,0,-4,-4,12,20,39,16,95,111,115,123,100,100,87,85,133,147,170,105,49,126,168,44,63,43,114,139,283,231,231,166,192,204,128,161,176,156,166,188,162,180,180,225,175,292,280,293,296,301]} 1. d4 Nf6 2. c4 e6 3. Nc3 Bb4 4. e3 b6 5. Nge2 Ne4 6. Qc2 Bb7 7. a3 Bxc3+ 8. Nxc3 Nxc3 9. Qxc3 Qh4 10. b3 d6 11. Bb2 Be4 12. Qd2 g5 13. O-O-O g4 14. Rg1 Qxh2 15. Bd3 Bxd3 16. Qxd3 Qh5 17. Qe4 d5 18. cxd5 Qxd5 19. Qxg4 Nd7 20. Qh4 Qxb3 21. Kb1 f6 22. Qh5+ Ke7 23. d5 e5 24. Qg4 Rhf8 25. Qe6+ Kd8 26. Rh1 c5 27. Rd2 Re8 28. Qf5 Re7 29. d6 Rg7 30. Rxh7 Qg8 31. Rxg7 Qxg7 32. Rd1 Qxg2 33. Qe6 Qg7 34. Rh1 Rb8 35. Qf5 Nf8 36. f4 Qg2 37. Qxf6+ Kd7 38. Qe7+ Kc6 39. Rc1 Nd7 40. fxe5 Qg6+ 41. Ka1 Re8 42. Qh4 Nxe5 43. Qa4+ Kxd6 44. Rd1+ Kc7 45. Qxa7+ Kc8 46. Qa8+ Kc7 47. Qa7+ 1/2-1/2

[Event "Vaujany 2023 Principal"]
[Site "Vaujany"]
[Date "2023.07.19"]
[Round "7.8"]
[White "Olivier, Jean-Christophe"]
[Black "Pourquet, Matthieu"]
[Result "1-0"]
[WhiteElo "2304"]
[BlackElo "2172"]
[Annotator "famil"]
[PlyCount "80"]
[EventDate "2023.07.13"]
[EventType "swiss"]
[EventRounds "9"]
[EventCountry "FRA"]
[SourceVersionDate "2023.07.13"]

{[%evp 0,80,13,28,51,62,58,31,23,24,31,33,55,53,37,5,1,3,4,5,8,-6,13,5,3,7,14,34,66,68,76,8,-11,15,-1,-23,-57,-57,-59,-42,-31,-13,26,-116,-77,-436,23,3,58,-109,-169,-150,-171,-223,-170,-208,-112,-254,-259,-242,-254,-279,-243,-325,-331,-331,-271,-386,-386,-412,-409,-409,-425,-443,-344,-366,-344,-348,-393,-381,-404,-421,-432]} 1. e4 c5 2. Nf3 Nc6 3. d4 cxd4 4. Nxd4 Nf6 5. Nc3 e5 6. Ndb5 d6 7. Bg5 a6 8. Na3 b5 9. Bxf6 gxf6 10. Nd5 f5 11. c3 Bg7 12. Bd3 Be6 13. Qh5 O-O 14. exf5 Bxd5 15. f6 e4 16. fxg7 Re8 17. Qxd5 exd3+ 18. Kf1 Ne5 19. h4 Rc8 20. Rh3 b4 21. cxb4 Qb6 22. b5 Rc5 23. Qe4 Rec8 24. Rxd3 Nxd3 25. Qxd3 axb5 26. Rd1 b4 27. Nb1 Rc1 28. Rxc1 Rxc1+ 29. Ke2 Qc5 30. Nd2 Rc2 31. Kf3 Rxb2 32. Ne4 Qf5+ 33. Kg3 Rxa2 34. Qc4 Qe5+ 35. Kf3 Ra3+ 36. Ke2 Qb2+ 37. Nd2 Qc3 38. h5 Qxc4+ 39. Nxc4 Kxg7 40. Nxd6 Ra2+ 1-0

[Event "Vaujany 2023 Principal"]
[Site "Vaujany"]
[Date "2023.07.19"]
[Round "7.10"]
[White "Estremera Panos, Sergio"]
[Black "Midoux, Sebastien"]
[Result "1-0"]
[WhiteElo "2275"]
[BlackElo "2131"]
[PlyCount "67"]
[EventDate "2023.07.13"]
[EventType "swiss"]
[EventRounds "9"]
[EventCountry "FRA"]
[SourceVersionDate "2023.07.13"]

{[%evp 0,67,28,-27,13,13,13,2,45,44,35,0,14,14,17,19,26,25,31,52,60,44,93,106,99,106,107,90,131,100,117,115,113,112,210,226,251,158,149,122,121,117,138,149,138,133,139,138,138,144,150,123,121,137,214,153,216,175,221,180,166,108,193,196,230,187,171,194,250,234]} 1. c4 e6 2. Nf3 d5 3. d4 c5 4. cxd5 exd5 5. g3 Nc6 6. Bg2 Nf6 7. O-O cxd4 8. Nxd4 Bc5 9. Nxc6 bxc6 10. Qc2 Bb6 11. Qxc6+ Bd7 12. Qd6 Rc8 13. Nc3 Rc6 14. Qb4 Rc4 15. Qb3 Be6 16. Bg5 d4 17. Ne4 h6 18. Qb5+ Kf8 19. Bxf6 gxf6 20. b3 Rc2 21. Rfc1 Rxc1+ 22. Rxc1 Kg7 23. Nc5 Bxc5 24. Rxc5 Qe7 25. h3 Rb8 26. Qa5 Rb6 27. Qa3 d3 28. exd3 Qd6 29. Qc1 Qxd3 30. Qe3 Qd7 31. Kh2 f5 32. Qe5+ Kg8 33. Rc7 Qd2 34. Rxa7 1-0

[Event "Vaujany 2023 Principal"]
[Site "Budapest"]
[Date "2023.07.19"]
[Round "7.28"]
[White "Cregut, Marian"]
[Black "Feher, Botond"]
[Result "0-1"]
[WhiteElo "1806"]
[BlackElo "1931"]
[PlyCount "72"]
[EventDate "2012.12.01"]
[EventType "tourn"]
[EventRounds "9"]
[EventCountry "HUN"]
[EventCategory "1"]
[SourceVersionDate "2023.07.13"]

{[%evp 0,72,19,-16,30,17,26,25,23,19,63,50,51,40,45,24,39,19,32,21,29,22,32,9,9,-61,-45,-37,-43,-43,-36,-67,-97,-75,-16,-63,-39,-58,-84,-43,-51,-51,-43,-43,-75,-44,-40,-107,-116,-249,-146,-451,-451,-451,-63,-310,-299,-29995,-499,-502,-511,-510,-514,-524,-526,-526,-534,-542,-556,-556,-543,-620,-679,-698,-703]} 1. c4 c5 2. Nf3 Nc6 3. Nc3 e5 4. g3 g6 5. Bg2 Bg7 6. O-O Nge7 7. d3 O-O 8. Ne1 d6 9. Nc2 Be6 10. Ne3 Qd7 11. Re1 Bh3 12. Bh1 f5 13. Ned5 f4 14. Nxe7+ Nxe7 15. Qb3 Rab8 16. Qa4 Nc6 17. Rb1 h5 18. Ne4 h4 19. Bd2 hxg3 20. hxg3 fxg3 21. Nxg3 Qg4 22. Bd5+ Kh7 23. Be3 Nd4 24. Kh2 Nf5 25. Nxf5 Rxf5 26. Rg1 Qh4 27. Rg3 Rh5 28. Rh1 Bd7+ 29. Kg1 Qxg3+ 30. fxg3 Rxh1+ 31. Kxh1 Bxa4 32. Bg5 Bc6 33. e4 Bxd5 34. cxd5 b5 35. Be7 Bf8 36. Bg5 c4 0-1

[Event "Vaujany 2023 Principal"]
[Site "Vaujany"]
[Date "2023.07.20"]
[Round "8.1"]
[White "Hamdouchi, Hicham"]
[Black "Calzetta Ruiz, Mónica"]
[Result "1/2-1/2"]
[WhiteElo "2521"]
[BlackElo "2164"]
[Annotator "MCR"]
[PlyCount "82"]
[EventDate "2023.07.13"]
[EventType "swiss"]
[EventRounds "9"]
[EventCountry "FRA"]
[SourceVersionDate "2023.07.13"]

{[%evp 0,82,24,36,52,52,95,38,46,44,39,-9,54,-7,15,-12,-6,-44,-3,-3,-16,-82,-6,-56,-56,-62,-84,-47,-32,-71,-65,-50,-31,-28,-44,-54,-80,-93,-77,-58,-19,-19,-44,-60,-99,-99,-50,-50,-71,-71,-63,-17,-14,-17,-19,-26,-18,0,0,0,0,-82,-109,-85,-105,-137,-158,-182,-182,-182,-93,-132,-88,-88,-70,-70,0,-44,-44,-66,-69,-39,-29,-32,-15]} 1. e4 c5 2. Nf3 g6 3. c3 d5 4. e5 Nc6 5. h3 Qa5 6. d3 Bg7 7. Bf4 f6 8. Qe2 fxe5 9. Nxe5 Nf6 10. g3 O-O 11. Bg2 Nd4 12. Qd1 Ne6 (12... Nh5 $142 13. b4 Qb6 14. cxd4 Qxb4+ 15. Nd2 Nxf4 16. gxf4 Qxd4 17. O-O Qxf4) 13. Bc1 Qc7 14. Nf3 (14. Qe2 $142) 14... Bd7 15. O-O Rae8 16. Re1 Nh5 17. Qe2 Rf5 18. Na3 Ref8 19. Rf1 Nxg3 20. fxg3 Qxg3 21. Nc2 Nf4 (21... d4 $1 22. cxd4 (22. Bd2 dxc3 23. bxc3 Bxc3) 22... Nxd4 23. Ncxd4 Bxd4+ 24. Kh1 Rh5 25. Nxd4 Rxh3+ 26. Bxh3 Qxh3+ 27. Kg1 Qg3+ 28. Qg2 Rxf1+ 29. Kxf1 Bh3) 22. Bxf4 Rxf4 23. Nh2 Bxh3 24. Rxf4 Rxf4 25. Rf1 Bxg2 26. Qxg2 Rxf1+ 27. Nxf1 Qxd3 28. Nce3 e6 29. Qg4 Qa6 30. Qf4 h5 31. Qb8+ Kh7 32. Qe8 d4 33. cxd4 cxd4 34. Ng2 Qe2 35. Qf7 (35. Qxg6+ Kxg6 36. Nf4+ Kf5 37. Nxe2 h4) 35... d3 36. Nf4 Qg4+ 37. Kf2 Kh6 (37... Qf5 38. Qxf5 exf5 39. Nxd3 Bd4+ 40. Kf3 g5) 38. Nxe6 Qe2+ 39. Kg1 Qg4+ 40. Kf2 Qe2+ 41. Kg1 Qg4+ 1/2-1/2

[Event "Vaujany 2023 Principal"]
[Site "Vaujany"]
[Date "2023.07.20"]
[Round "8.2"]
[White "Gusain, Himal"]
[Black "Degraeve, Jean Marc"]
[Result "1-0"]
[WhiteElo "2399"]
[BlackElo "2466"]
[Annotator "ASUS"]
[PlyCount "103"]
[EventDate "2023.07.13"]
[EventType "swiss"]
[EventRounds "9"]
[EventCountry "FRA"]
[SourceVersionDate "2023.07.13"]

{[%evp 0,103,26,34,48,46,44,31,31,31,44,70,61,72,112,102,127,65,72,75,90,101,96,107,125,9,9,14,16,8,2,26,18,11,31,5,12,17,-1,-6,53,63,59,55,68,66,60,58,71,66,111,116,112,114,114,114,114,114,114,109,114,105,114,86,86,84,82,72,73,73,95,89,114,114,87,80,85,42,16,14,9,33,58,36,66,76,68,60,57,55,72,76,64,64,890,1014,1022,1032,1032,1165,1288,1894,22949,1922,23802,1954]} 1. e4 c5 2. Nf3 Nc6 3. d4 cxd4 4. Nxd4 d5 5. exd5 Qxd5 6. Be3 Nxd4 7. Nc3 Nf3+ 8. gxf3 Qxd1+ 9. Rxd1 Bd7 10. Rd2 Nf6 11. Nb5 Kd8 12. Bxa7 Kc8 13. Bb6 Rxa2 14. c3 Ra1+ 15. Rd1 Rxd1+ 16. Kxd1 Nd5 17. Bd4 f6 18. Bc4 e5 19. Bxd5 exd4 20. Nxd4 Bc5 21. Kd2 Bxd4 22. cxd4 Kc7 23. h4 g6 24. h5 gxh5 25. Rxh5 h6 26. Bf7 Kd6 27. Ke3 Be8 28. Rd5+ Kc7 29. Bh5 Bc6 30. Rf5 Rf8 31. Bg4 Kd6 32. Kf4 Ke7 33. Rh5 Rd8 34. Ke3 Rh8 35. Rh1 Be8 36. Bh5 Bxh5 37. Rxh5 Kf7 38. Rd5 h5 39. Rd7+ Ke6 40. Rxb7 h4 41. Rg7 Rb8 42. Rh7 Rb3+ 43. Ke2 Rxb2+ 44. Kf1 Rd2 45. Rxh4 Kd5 46. Kg2 Rxd4 47. Rxd4+ Kxd4 48. Kg3 Kd3 49. f4 Ke2 50. f5 Kd3 51. f3 Kd4 52. Kh4 1-0

[Event "Vaujany 2023 Principal"]
[Site "Vaujany"]
[Date "2023.07.19"]
[Round "8.3"]
[White "Pourquet, Matthieu"]
[Black "Degraeve, Remy"]
[Result "0-1"]
[WhiteElo "2172"]
[BlackElo "2467"]
[PlyCount "56"]
[EventDate "2023.07.13"]
[EventType "swiss"]
[EventRounds "9"]
[EventCountry "FRA"]
[SourceVersionDate "2023.07.13"]

{[%evp 0,56,24,-17,-14,-21,-32,-59,-12,-33,8,2,11,-45,-33,-14,-19,-2,4,15,9,39,20,0,25,-60,-58,-59,-36,-36,-41,-48,-40,-67,-33,-57,28,-17,7,-96,-109,-97,-95,-95,-111,-111,-119,-114,-125,-113,-112,-138,-119,-121,-46,-32,-51,-189,-204]} 1. c4 e6 2. g3 d5 3. Bg2 Nf6 4. Nf3 d4 5. O-O c5 6. e3 Nc6 7. exd4 cxd4 8. d3 h6 9. Na3 Bc5 10. Nc2 O-O 11. Rb1 a5 12. b3 e5 13. Ba3 Bxa3 14. Nxa3 Re8 15. Nb5 Bf5 16. Rb2 Qd7 17. a3 e4 18. dxe4 Nxe4 19. Qc1 Nc5 20. Rd1 Nd3 21. Rxd3 Bxd3 22. Rd2 Be4 23. Nbxd4 Nxd4 24. Rxd4 Qc6 25. Qc3 a4 26. b4 Rad8 27. Ne5 Rxd4 28. Qxd4 Rxe5 0-1

[Event "Vaujany 2023 Principal"]
[Site "Vaujany"]
[Date "2023.07.20"]
[Round "8.4"]
[White "Anwesh, Upadhyaya"]
[Black "Neelotpal, Das"]
[Result "1/2-1/2"]
[WhiteElo "2356"]
[BlackElo "2362"]
[PlyCount "53"]
[EventDate "2023.07.13"]
[EventType "swiss"]
[EventRounds "9"]
[EventCountry "FRA"]
[SourceVersionDate "2023.07.13"]

{[%evp 0,53,15,36,36,25,24,8,17,-17,-4,-1,49,56,68,38,52,62,64,57,57,39,76,73,58,68,67,70,49,47,57,46,57,49,38,43,65,12,4,-4,10,10,6,-13,9,-42,-39,-26,-30,-49,-63,-35,-46,-104,-45,-44]} 1. e4 e5 2. Nf3 Nc6 3. Bb5 a6 4. Ba4 Bc5 5. c3 Nge7 6. O-O Ba7 7. d4 Ng6 8. Bg5 f6 9. Be3 O-O 10. d5 Nce7 11. d6 cxd6 12. Bxa7 Rxa7 13. Qxd6 b5 14. Bb3+ Kh8 15. a4 Rb7 16. axb5 Rb6 17. Qd2 axb5 18. Na3 Bb7 19. Rfe1 d5 20. exd5 Nxd5 21. Rad1 Nge7 22. Bc2 Qc8 23. Be4 b4 24. cxb4 Rxb4 25. Rc1 Qb8 26. Rc4 Ba8 27. Rxb4 1/2-1/2

[Event "Vaujany 2023 Principal"]
[Site "Vaujany"]
[Date "2023.07.20"]
[Round "8.6"]
[White "Trabet, Mathis"]
[Black "Estremera Panos, Sergio"]
[Result "1/2-1/2"]
[WhiteElo "2187"]
[BlackElo "2275"]
[PlyCount "103"]
[EventDate "2023.07.13"]
[EventType "swiss"]
[EventRounds "9"]
[EventCountry "FRA"]
[SourceVersionDate "2023.07.13"]

{[%evp 0,82,28,18,13,13,36,4,-13,-14,-1,5,0,0,0,0,0,0,-5,-26,-21,-78,-33,-58,-59,-66,-70,-79,-89,-85,-32,-93,-72,-130,-130,-123,-105,-105,-92,-84,-81,-156,-176,-226,-167,-142,-148,-148,-235,-229,-262,-256,-256,-256,-249,-273,-317,-362,-362,-368,-224,-289,-293,-372,-293,-298,-184,-187,-187,-180,-187,-192,-197,-196,-147,-141,-142,-198,-205,-179,-181,-189,-180,-358,-256]} 1. e4 e5 2. Nf3 Nc6 3. d4 exd4 4. Nxd4 Nf6 5. Nxc6 bxc6 6. e5 Qe7 7. Qe2 Nd5 8. c4 Ba6 9. h4 f6 10. Rh3 fxe5 11. Bg5 Nf6 12. Re3 O-O-O 13. Rxe5 Qb4+ 14. Nd2 h6 15. Bxf6 gxf6 16. Re8 Qxb2 17. Rxd8+ Kxd8 18. Rb1 Qc3 19. Rb8+ Bc8 20. c5 Bxc5 21. Qa6 Qa1+ 22. Ke2 Re8+ 23. Kd3 Ke7 24. Rxc8 Rxc8 25. Qxc8 Qd4+ 26. Kc2 Bb4 27. Nf3 Qc3+ 28. Kd1 Qa1+ 29. Ke2 Qb2+ 30. Kd3 Qb1+ 31. Ke2 Qc2+ 32. Ke3 Qc1+ 33. Ke4 Qxf1 34. Qg8 Qe2+ 35. Kf5 Qd3+ 36. Kg4 Qe4+ 37. Kh5 Qd5+ 38. Qxd5 cxd5 39. Kxh6 Kf7 40. g4 Bc3 41. Ng1 c5 42. Kh7 c4 43. g5 fxg5 44. hxg5 Be5 45. f4 Bg7 46. Nf3 c3 47. g6+ Kf8 48. Ne1 d4 49. Nd3 c2 50. Nc1 d3 51. Nxd3 d6 52. f5 1/2-1/2

[Event "Vaujany 2023 Principal"]
[Site "?"]
[Date "2023.07.20"]
[Round "8.9"]
[White "Saypuri, Srithan"]
[Black "Horváth, József"]
[Result "1/2-1/2"]
[WhiteElo "2141"]
[BlackElo "2432"]
[PlyCount "79"]
[SourceVersionDate "2023.07.13"]

1. e4 c5 2. Nf3 e6 3. d4 cxd4 4. Nxd4 a6 5. Bd3 g6 6. c3 Bg7 7. Be3 Ne7 8. h4 h5 9. Nd2 d5 10. exd5 Nxd5 11. Bg5 Qc7 12. O-O O-O 13. Be4 Nc6 14. Bxd5 exd5 15. N2f3 Bg4 16. Qd2 Rfe8 17. Bf4 Qb6 18. Rfe1 Re4 19. Be3 Qd8 20. Ng5 Re8 21. Ngf3 Rc8 22. Bf4 Qa5 23. Rxe8+ Rxe8 24. Re1 Rc8 25. a3 Bxf3 26. Nxf3 d4 27. cxd4 Qxd2 28. Bxd2 Nxd4 29. Nxd4 Bxd4 30. b4 Rc2 31. Re8+ Kg7 32. Be3 Bf6 33. Rb8 Ra2 34. Rxb7 Rxa3 35. g3 Be5 36. Ra7 Kf6 37. Kg2 Ra4 38. Bc5 Kg7 39. Ra8 Bc3 40. Ra7 1/2-1/2

[Event "Vaujany 2023 Principal"]
[Site "?"]
[Date "2023.07.20"]
[Round "8.10"]
[White "Feher, Tamas"]
[Black "Buzas, Bertalan"]
[Result "1-0"]
[WhiteElo "2141"]
[BlackElo "2260"]
[PlyCount "73"]
[SourceVersionDate "2023.07.13"]

1. e4 c6 2. d4 d5 3. Nc3 dxe4 4. Nxe4 Bf5 5. Ng3 Bg6 6. Nh3 Nf6 7. c3 e6 8. Nf4 Bd6 9. h4 Bxf4 10. Bxf4 h6 11. Bd3 Bxd3 12. Qxd3 Qd5 13. c4 Qa5+ 14. Bd2 Qa6 15. Bb4 Nbd7 16. O-O O-O-O 17. Be7 Ne5 18. Qe2 Ng6 19. Bxd8 Rxd8 20. h5 Nf4 21. Qe3 N4xh5 22. Nxh5 Nxh5 23. d5 Qxc4 24. dxc6 Nf4 25. cxb7+ Kxb7 26. Qf3+ Rd5 27. Rfe1 g5 28. g3 Nh3+ 29. Kh2 f5 30. Rxe6 g4 31. Re7+ Kc8 32. Qe3 f4 33. Qe6+ Kb8 34. Qg8+ Qc8 35. Re8 fxg3+ 36. Kxg3 Rd3+ 37. Kh2 1-0

[Event "Vaujany 2023 Principal"]
[Site "?"]
[Date "2023.07.19"]
[Round "8.14"]
[White "Vallee, Louis"]
[Black "Prost, Frederic"]
[Result "1-0"]
[WhiteElo "2161"]
[BlackElo "2031"]
[PlyCount "89"]
[SourceVersionDate "2023.07.13"]

1. d4 Nf6 2. c4 e6 3. Nf3 c5 4. d5 b5 5. dxe6 fxe6 6. cxb5 Be7 7. Nc3 Bb7 8. e3 O-O 9. Be2 d5 10. O-O Nbd7 11. a4 Bd6 12. a5 Rb8 13. Qc2 Ng4 14. h3 Rxf3 15. Bxf3 Nh2 16. Bg4 Nxg4 17. hxg4 Qh4 18. f4 Qxg4 19. Qe2 Qg6 20. b6 d4 21. Nb5 d3 22. Qf2 Be7 23. bxa7 Ra8 24. e4 Bxe4 25. f5 exf5 26. Bf4 Bc6 27. Nc7 Rxa7 28. Qg3 Qxg3 29. Bxg3 Be4 30. a6 Bf6 31. Nb5 Ra8 32. a7 Bxb2 33. Ra2 Be5 34. Bxe5 Nxe5 35. Nc7 c4 36. Nxa8 Bxa8 37. Rb2 Bc6 38. Rxf5 g6 39. Rxe5 c3 40. Rb8+ Kg7 41. a8=Q Bxa8 42. Rxa8 c2 43. Ra1 d2 44. Ree1 h5 45. Red1 1-0

[Event "Vaujany 2023 Principal"]
[Site "Vaujany"]
[Date "2023.07.21"]
[Round "9.1"]
[White "Degraeve, Remy"]
[Black "Hamdouchi, Hicham"]
[Result "0-1"]
[WhiteElo "2467"]
[BlackElo "2521"]
[Annotator "famil"]
[PlyCount "100"]
[EventDate "2023.07.13"]
[EventType "swiss"]
[EventRounds "9"]
[EventCountry "FRA"]
[SourceVersionDate "2023.07.13"]

{[%evp 0,100,25,16,58,64,85,62,53,33,33,36,42,51,56,38,43,43,29,18,17,9,5,6,40,-2,-13,0,-2,-23,-16,-28,13,-35,-2,-44,-22,-9,-13,-6,-17,-47,-36,-49,-51,-64,-57,-39,-47,-92,-92,-92,-86,-104,-85,-94,-82,-68,-90,-79,-93,-94,-103,-191,-178,-196,-191,-214,-175,-182,-201,-213,-219,-230,-205,-210,-188,-188,-212,-247,-244,-248,-336,-342,-354,-349,-301,-392,-425,-393,-443,-435,-552,-511,-444,-444,-594,-687,-495,-503,-507,-582,-686]} 1. e4 c5 2. Nf3 d6 3. d4 cxd4 4. Nxd4 Nf6 5. Nc3 Nc6 6. Bg5 e6 7. Qd2 a6 8. O-O-O Bd7 9. f3 Be7 10. Nxc6 Bxc6 11. Kb1 Qc7 12. Ne2 h6 13. Be3 b5 14. Nd4 Bb7 15. h4 h5 16. Rh3 g6 17. Bh6 Rd8 18. Bd3 e5 19. Nb3 d5 20. exd5 Nxd5 21. Bg7 Rh7 22. Bh6 Nb4 23. Rhh1 f5 24. Rhe1 Nxd3 25. cxd3 Bxh4 26. Re2 Re7 27. Bg5 Bxg5 28. Qxg5 Qd6 29. d4 Kf7 30. Nc5 Ba8 31. Nd3 e4 32. Nf4 Qf6 33. Qg3 h4 34. Qf2 g5 35. Nh3 f4 36. fxe4 Bxe4+ 37. Ka1 Rde8 38. d5 Bxd5 39. Red2 Bc4 40. Qf3 Be2 41. Qb3+ Kg7 42. Rc1 g4 43. Nf2 g3 44. Nh3 Bg4 45. Ng1 Re1 46. Rdc2 Rxc1+ 47. Rxc1 Qc6 48. Rf1 Qc4 49. Qxc4 bxc4 50. Kb1 f3 0-1

[Event "Vaujany 2023 Principal"]
[Site "Vaujany"]
[Date "2023.07.21"]
[Round "9.2"]
[White "Calzetta Ruiz, Monica"]
[Black "Gusain, Himal"]
[Result "0-1"]
[WhiteElo "2164"]
[BlackElo "2399"]
[Annotator "MCR"]
[PlyCount "66"]
[EventDate "2023.07.13"]
[EventType "swiss"]
[EventRounds "9"]
[EventCountry "FRA"]
[SourceVersionDate "2023.07.13"]

1. e4 c5 2. Nf3 e6 3. d4 cxd4 4. Nxd4 Nc6 5. Nc3 a6 6. Bf4 d6 7. Nxc6 bxc6 8. Qd2 Be7 9. O-O-O e5 10. Be3 Nf6 11. f3 Be6 12. g4 Rb8 13. Kb1 Qc7 14. h4 d5 (14... O-O 15. h5 d5 16. g5 d4 17. gxf6 dxc3 18. Qxc3 Bb4) 15. g5 d4 16. gxf6 gxf6 (16... dxe3 17. fxg7) 17. Bxd4 Rd8 $2 18. Qf2 $2 (18. Qh2 Qa5 19. Be3 Rxd1+ 20. Nxd1 Qxa2+ 21. Kc1 $18) 18... exd4 19. Rxd4 Rb8 20. Qh2 $2 (20. Ra4 $18 a5 (20... Bb4 21. Qd4) 21. Bc4 Bb4 22. Bxe6 fxe6) 20... Rxb2+ 21. Kxb2 Qb6+ 22. Nb5 axb5 23. c3 (23. Rd3 $142) 23... b4 24. Ka1 bxc3 25. Ra4 c2 26. Qxc2 Bd6 27. Qb2 Be5 28. Qxe5 fxe5 29. Ra8+ Ke7 30. Rxh8 Qd4+ 31. Kb1 Qd1+ 32. Kb2 Qd2+ 33. Ka3 c5 0-1

[Event "Vaujany 2023 Principal"]
[Site "?"]
[Date "2023.07.21"]
[Round "9.6"]
[White "Pourquet, Matthieu"]
[Black "Anwesh, Upadhyaya"]
[Result "0-1"]
[WhiteElo "2172"]
[BlackElo "2356"]
[PlyCount "62"]
[SourceVersionDate "2023.07.13"]

1. e4 e5 2. Nf3 Nc6 3. d4 exd4 4. Nxd4 Bc5 5. Nb3 Bb6 6. Qe2 Nge7 7. Nc3 O-O 8. Be3 f5 9. O-O-O f4 10. Bxb6 axb6 11. Qd2 d6 12. Kb1 Ng6 13. h4 Be6 14. h5 Nge5 15. h6 g5 16. a3 Kh8 17. Nd5 Ra4 18. f3 Ne7 19. Bb5 Ra8 20. Nd4 Bc8 21. Qc3 c6 22. Nxe7 Qxe7 23. Bc4 b5 24. Bb3 Bd7 25. Ne2 Rad8 26. Rdg1 c5 27. Bd5 Bc6 28. Rd1 Rf6 29. Qa5 Qf8 30. Rh5 Rg6 31. Be6 Rxe6 0-1

[Event "Vaujany 2023 Principal"]
[Site "Vaujany"]
[Date "2023.07.21"]
[Round "9.7"]
[White "Estremera Panos, Sergio"]
[Black "Adrian, Claude"]
[Result "1/2-1/2"]
[WhiteElo "2275"]
[BlackElo "2164"]
[PlyCount "58"]
[EventDate "2023.07.13"]
[EventType "swiss"]
[EventRounds "9"]
[EventCountry "FRA"]
[SourceVersionDate "2023.07.13"]

{[%evp 0,58,19,31,25,-11,0,41,60,74,71,52,47,60,32,20,26,16,13,40,27,27,34,37,68,17,41,23,35,17,16,24,24,16,25,30,55,61,61,29,29,34,41,37,61,39,83,50,73,82,73,31,20,46,-9,29,29,29,-14,-27,-78]} 1. d4 Nf6 2. c4 c5 3. d5 b5 4. cxb5 a6 5. e3 e6 6. Nc3 exd5 7. Nxd5 Bb7 8. Nxf6+ Qxf6 9. Nf3 Be7 10. Be2 O-O 11. O-O d5 12. Qc2 axb5 13. Bxb5 d4 14. e4 Qg6 15. Re1 Nc6 16. a3 Rfd8 17. Bf4 Rac8 18. Bc4 h6 19. Ne5 Nxe5 20. Bxe5 Bf8 21. Bg3 Rd7 22. Qd3 Qb6 23. Re2 Re8 24. Rae1 Bc6 25. f4 Rb7 26. Bf2 Bb5 27. b4 Bxc4 28. Qxc4 cxb4 29. Bxd4 Qd8 1/2-1/2

[Event "Vaujany 2023 Principal"]
[Site "?"]
[Date "2023.07.21"]
[Round "9.8"]
[White "Vallee, Louis"]
[Black "Fanninger, Leon"]
[Result "1-0"]
[WhiteElo "2161"]
[BlackElo "2184"]
[PlyCount "75"]
[SourceVersionDate "2023.07.13"]

1. d4 Nf6 2. c4 g6 3. Nc3 Bg7 4. e4 d6 5. h3 O-O 6. Be3 e5 7. d5 Na6 8. g4 Nc5 9. f3 a5 10. Nge2 c6 11. Ng3 h5 12. Bg5 h4 13. Bxh4 Bh6 14. Nge2 a4 15. Bf2 cxd5 16. cxd5 Qa5 17. h4 Bxg4 18. fxg4 Nxg4 19. Bh3 Nxf2 20. Kxf2 Qb4 21. Qc2 f5 22. exf5 Qxh4+ 23. Kg2 e4 24. Raf1 g5 25. Nd4 Nd3 26. Ne6 Nf4+ 27. Nxf4 gxf4 28. Nxe4 Rae8 29. Rf3 Kh8 30. Kh2 Rg8 31. Qf2 Rg3 32. Nxg3 fxg3+ 33. Rxg3 Bf4 34. Rhg1 Re3 35. Qxe3 Bxe3 36. Rg8+ Kh7 37. R1g7+ Kh6 38. Rh8+ 1-0

[Event "Vaujany 2023 Principal"]
[Site "Vaujany"]
[Date "2023.07.21"]
[Round "9.24"]
[White "Juhasz, Judit"]
[Black "Voinea, Marius"]
[Result "1-0"]
[WhiteElo "1915"]
[BlackElo "1811"]
[Annotator "famil"]
[PlyCount "79"]
[EventDate "2023.07.13"]
[EventType "swiss"]
[EventRounds "9"]
[EventCountry "FRA"]
[SourceVersionDate "2023.07.13"]
[TimeControl "1800"]

{[%evp 0,79,25,16,58,58,51,52,50,40,59,63,78,57,54,47,60,40,43,32,41,47,23,28,9,19,22,-12,5,0,0,-37,-61,-74,-83,-136,-87,-83,-91,-93,-102,-105,-106,-80,-46,-29,-3,-8,19,-32,-28,-32,-39,-43,58,41,68,63,116,117,118,125,135,100,111,0,40,96,617,850,1240,1434,1434,1523,29993,29994,29995,29996,29997,29998,29999,-30000] 1024MB, Fritz8.ctg} 1. e4 c5 2. Nf3 e6 3. d4 cxd4 4. Nxd4 a6 5. Nc3 b5 6. Bd3 Bb7 7. O-O Nc6 8. Nxc6 Bxc6 9. e5 Qb8 10. Re1 f5 11. a4 b4 12. Nb1 Ne7 13. Nd2 Ng6 14. Qh5 Bc5 15. Nc4 O-O 16. Qh3 Bd4 17. Qg3 Bd5 18. Bf4 Bxc4 19. Bxc4 Bxb2 20. Rad1 Rc8 21. Bb3 Rc3 22. Qg5 Qe8 23. Bd2 Rc5 24. Bxb4 Rxe5 25. Bd6 Rxe1+ 26. Rxe1 Bf6 27. Qxf5 Kh8 28. Qd3 Nh4 29. Bd5 Rc8 30. Be4 a5 31. Rb1 Nf5 32. Rb3 Nd4 33. Bxh7 Nxb3 34. Qh3 Qd8 35. Qh5 Bg5 36. Be5 Bf6 37. Bg6+ Kg8 38. Bd6 Be7 39. Qh7+ Kf8 40. Qh8# 1-0

[Event "Vaujany open"]
[Site "?"]
[Date "2024.07.18"]
[Round "9.25"]
[White "Coletta, Stephane"]
[Black "Feher, Botond"]
[Result "0-1"]
[WhiteElo "1851"]
[BlackElo "1931"]
[PlyCount "72"]
[SourceVersionDate "2023.07.13"]

1. d4 Nf6 2. c4 g6 3. g3 Bg7 4. Bg2 O-O 5. Nc3 d6 6. Nf3 c5 7. d5 e6 8. O-O exd5 9. cxd5 Ng4 10. Bf4 Re8 11. h3 Ne5 12. Nxe5 Bxe5 13. Bxe5 Rxe5 14. Qd2 Qe8 15. a4 b6 16. e4 Re7 17. Rfe1 Bd7 18. Qf4 Re5 19. Qd2 Re7 20. Qf4 Re5 21. Qd2 Na6 22. Qe2 Nb4 23. f4 Re7 24. e5 Bf5 25. Ne4 Bxe4 26. Qxe4 Rd8 27. Rad1 Qxa4 28. e6 fxe6 29. dxe6 Qc2 30. Qf3 Qxb2 31. f5 Qf6 32. g4 g5 33. h4 h6 34. hxg5 hxg5 35. Kf2 Nc2 36. Rh1 Nd4 0-1